000 00722nam a2200289Ia 4500
005 20260324115859.0
008 008 260324s9999 xx 000 0 eng d
020 _a9780429183812
037 _aEBOOK
040 _aCRL
040 _beng
040 _cCRL
041 _2eng
041 _aeng
084 _qCRL
100 _aA. K. Haghi; Gennady E. Zaikov; Klaus Friedrich
_91156367
245 0 _aMaterials Chemistry
245 2 _bA Multidisciplinary Approach to Innovative Methods
260 _bTaylor and Francis
260 _c2016
365 _a
365 _b280
856 _uhttp://www.taylorfrancis.com/books/9780429183812
942 _cEBOOK
999 _c1747568
_d1747568